000 00778nam a2200217Ia 4500
001 9448
003 GE_BSU
008 181216s||||||||xx |||||||||||||| ||und||
040 _cGE_BSU
080 _a821.353.1-82
245 _aმოდინახე
245 _bლიტერატურული კრებული
245 _cწინასიტყვ. ავტ. გ.აბაშიძე.რედ.თ.დაუშვილი.მხატვ. დ.გრიგოლია
260 _aთბილისი
260 _bსაბჭოთა საქართველო
260 _c1986
300 _a186გვ.20სმ.
653 _aლიტერატურული კრებული
653 _aმოდინახე
942 _cBK
999 _c42742
_d42742